00568 2200193 4500001002100000005001500021035002000036245003900056100001200095250001800107300002900125856001800154260006100172082002500233084003100258020002200289650003700311650002600348INLIS00000000000014120250710011430 a0010-07250001411 aTeman jadi musuh /cKennedy amandu0 aKennedy aCetakan kedua a14 hlm :bIlus. ;c21 cm aTBM As suhada aRawamangun :bBadan pengembangan dan pusat bahasa,c2022 aPB 398.209 598 AMA t aPB 398.209 598 AMA t KEN t a978-623-307-403-2 4aCerita anak indonesia-terjemahan 4aLiterasi-bahan bacaan